EASO practical guide Evidence assessment

Detalles Bibliográficos
Formato: eBook
Lenguaje:inglés
Publicado: Bruselas: European Union Publications Office, 2019
Materias:
Acceso en línea:Acceso restringido

MARC

LEADER 00000nam a22000007a 4500
005 20211228224412.0
007 cr|||| ||||
008 211228s2019 eu |||||s|||| 00||0 eng d
020 |a 978-92-9476-456-0 
035 |a 33930 
040 |a vLex 
090 |c 12779  |d 12779 
245 0 0 |a  EASO practical guide  |h [Recurso electrn̤ico] :  |b Evidence assessment 
256 |a Servicio en ln̕ea 
260 |a Bruselas:  |b European Union Publications Office,  |c 2019 
300 |a 1 recurso electrn̤ico 
506 1 |a Disponible solo en los productos indicados  |d vLex Global  |d vLex Global (Academic Edition, excluding Law Schools)  |d vLex Global (U.S. Academic Edition, Law Schools)  |d vLex Global (U.S. Academic Edition, excluding Law Schools)  |d vLex Global (Academic Edition, Law Schools) 
650 0 4 |a Derecho Comunitario  |z Unin̤ Europea 
650 0 4 |a Derecho Internacional  |z Unin̤ Europea 
740 0 |a vLex Libros (Servicio en ln̕ea) 
856 4 0 |u https://app.vlex.com/#/sources/33930  |z Acceso restringido 
942 |c BOOK 
999 0 |a Community Law 
999 0 |a International Law